Blueprint for a sustainable economy / (Registro nro. 2743)
[ vista simple ]
| 000 -CABECERA | |
|---|---|
| Campo de control | 01481cam a22003017a 4500 |
| 005 - FECHA Y HORA DE LA ULTIMA TRANSACCION | |
| Campo de control | 20200104041535.0 |
| 008 - ELEMENTOS DE LONGITUD FIJA—INFORMACION GENERAL | |
| Campo de control | 030801s2000 enka grb 001 0 eng d |
| 020 ## - ISBN | |
| ISBN | 1853836826 |
| 020 ## - ISBN | |
| ISBN | 1853835153 (pbk.) |
| 040 ## - FUENTE DE CATALOGACIÓN | |
| Agencia catalogadora original | CO-BoIAVH |
| Agencia transcriptora | CO-BoIAVH |
| 041 ## - IDIOMA | |
| Código de idioma para texto/pista de sonido o título separado | Inglés |
| 042 ## - AUTHENTICATION CODE | |
| Authentication code | lccopycat |
| 082 00 - NUMERO DE CLASIFICACION DECIMAL DEWEY | |
| Número de clasificación | 338.927 |
| Número del ítem | P35b |
| 100 1# - ASIENTO PRINCIPAL--NOMBRE PERSONAL | |
| Nombre personal | Pearce, David W. |
| 245 10 - MENCION DE TITULO | |
| Título | Blueprint for a sustainable economy / |
| Mención de responsabilidad | David Pearce, Edward Barbier. |
| 260 ## - PUBLICACION, DISTRIBUCION, ETC. (PIE DE IMPRENTA) | |
| Lugar de publicación, distribución, etc. | London : |
| Nombre del editor, distribuidor, etc. | Earthscan, |
| Fecha de publicación, distribución, etc. | 2000. |
| 300 ## - DESCRIPCION FISICA | |
| Extensión | xiv, 273 p. : |
| Otros detalles físicos | ill. ; |
| Dimensiones | 22 cm. |
| 504 ## - NOTA DE BIBLIOGRAFIA, ETC. | |
| Nota de bibliografía | Includes bibliographical references (p. [251]-266) and index. |
| 505 0# - NOTA DE CONTENIDO | |
| Nota de contenido | The meaning of sustainable development -- Valuing the environment -- Measuring sustainable development: economic approaches -- Measuring sustainable development: ecological approaches -- The causes of environmental degredation -- Solving environmental problems I: property rights, markets and macroeconomy -- Solving environmental problems II: choosing policy instruments -- Business and the environment -- Ecological economics: a new paradigm?. |
| 650 #0 - ASIENTO SECUNDARIO DE MATERIA - TERMINO TEMATICO | |
| Término temático o nombre geográfico como elemento de entrada | Sustainable development. |
| 650 #0 - ASIENTO SECUNDARIO DE MATERIA - TERMINO TEMATICO | |
| Término temático o nombre geográfico como elemento de entrada | Desarrollo sostenible |
| 650 #0 - ASIENTO SECUNDARIO DE MATERIA - TERMINO TEMATICO | |
| Término temático o nombre geográfico como elemento de entrada | Economic development |
| Subdivisión general | Environmental aspects. |
| 650 #0 - ASIENTO SECUNDARIO DE MATERIA - TERMINO TEMATICO | |
| Término temático o nombre geográfico como elemento de entrada | Desarrollo economico |
| Subdivisión general | Aspectos ambientales |
| 650 #0 - ASIENTO SECUNDARIO DE MATERIA - TERMINO TEMATICO | |
| Término temático o nombre geográfico como elemento de entrada | Environmental degradation. |
| 700 1# - ASIENTO SECUNDARIO - NOMBRE PERSONAL | |
| Nombre personal | Barbier, Edward, |
| Fechas asociadas con el nombre | 1957- |
| 942 ## - ELEMENTOS ADICIONALES (KOHA) | |
| Sistema de clasificación | Dewey Decimal Classification |
| Tipo de ítem | Libro |
| Withdrawn status | Lost status | Sistema de Clasificación | Damaged status | No para préstamo | Colección | Inventariado | Ubicación Permanente | Ubicación actual | Fecha de adquisición | Fuente de Valor | Total Checkouts | Número topográfico | Inventario / Código de Barras | Date last seen | Ejemplar | Price effective from | Forma de adquisición | Tipo de material |
|---|---|---|---|---|---|---|---|---|---|---|---|---|---|---|---|---|---|---|
| Dewey Decimal Classification | General | Inventariado 2017 | Bogotá | Bogotá | 17/06/2002 | Amazon | LB-338.927 P35b | 004937 | 04/12/2012 | Ej. 1 | 04/12/2012 | Compra | Libro |